| 000 | 00000nam 2200000zi 4500 |
| 001 | 9.939287 |
| 003 | CaOODSP |
| 005 | 20250822081127 |
| 006 | m o d f |
| 007 | cr mn||||||||| |
| 008 | 240613t20242024onc o f000 0 fre d |
| 020 | |a9780660723457 |
| 040 | |aCaOODSP|bfre|erda|cCaOODSP |
| 041 | 0 |afre|aeng |
| 043 | |an-cn--- |
| 045 | |ay2y2 |
| 086 | 1 |aCi4-183/1-2024F-PDF |
| 245 | 00|a2023-24 étude de suivi annuelle d'IRCC : |brapport final / |cpréparé à l'intention de Immigration, réfugiés et citoyenneté Canada. |
| 246 | 17|aImmigration, réfugiés et citoyenneté Canada : |bétude de suivi annuelle d'IRCC 2023-2024 |
| 264 | 1|a[Ottawa] : |bImmigration, réfugiés et citoyenneté Canada = Immigration, Refugees and Citizenship Canada, |c2024. |
| 264 | 4|c©2024 |
| 300 | |a1 ressource en ligne (43 pages) + |eannexe (58 pages non numérotées) + sommaire (10 pages) |
| 336 | |atexte|btxt|2rdacontent/fre |
| 337 | |ainformatique|bc|2rdamedia/fre |
| 338 | |aressource en ligne|bcr|2rdacarrier/fre |
| 500 | |aPublié aussi en anglais sous le titre : 2023-24 IRCC annual tracking study: final report. |
| 500 | |aTitre de la couverture. |
| 500 | |a« Fournisseur : Ipsos. » |
| 500 | |a« Numéro du contrat : CW2334125. » |
| 500 | |a« Date de livraison : 29 mars 2024. » |
| 500 | |a« Numéro d'enregistrement : ROP 069-23. » |
| 546 | |aTexte en français; Annexe 2 en anglais et en français. |
| 610 | 16|aCanada. |bImmigration, réfugiés et citoyenneté Canada|xOpinion publique. |
| 650 | 6|aImmigrants|zCanada|xOpinion publique. |
| 650 | 6|aRéfugiés|zCanada|xOpinion publique. |
| 650 | 6|aOpinion publique|zCanada. |
| 651 | 6|aCanada|xÉmigration et immigration|xOpinion publique. |
| 710 | 1 |aCanada. |bImmigration, réfugiés et citoyenneté Canada, |eorganisme de publication. |
| 710 | 2 |aIpsos (Firme). |bAffaires publiques, |econsultant. |
| 775 | 08|t2023-24 IRCC annual tracking study : |w(CaOODSP)9.939286 |
| 794 | |t2024-25 sondage de suivi annuelle d'IRCC : |w(CaOODSP)9.947397 |
| 795 | |t2022-23 Étude de suivi annuelle d'IRCC : |w(CaOODSP)9.925181 |
| 856 | 40|qPDF|s902 Ko|uhttps://publications.gc.ca/collections/collection_2024/ircc/Ci4-183-1-2024-fra.pdf|zRapport final |
| 856 | 40|qPDF|s822 Ko|uhttps://publications.gc.ca/collections/collection_2024/ircc/Ci4-183-1-2024-1.pdf|zAnnexe 2 |
| 856 | 40|qPDF|s323 Ko|uhttps://publications.gc.ca/collections/collection_2024/ircc/Ci4-183-1-2024-2-fra.pdf|zCompte rendu sommaire |
| 856 | 4 |qHTML|sS.O.|uhttps://epe.bac-lac.gc.ca/100/200/301/pwgsc-tpsgc/por-ef/immigration_refugees/2024/069-23-f/POR069-23-rapport.html|zRapport final |
| 856 | 4 |qHTML|sS.O.|uhttps://epe.bac-lac.gc.ca/100/200/301/pwgsc-tpsgc/por-ef/immigration_refugees/2024/069-23-f/POR069-23-Instrument-appendix.htm|zAnnexe 2 |
| 856 | 4 |qHTML|sS.O.|uhttps://epe.bac-lac.gc.ca/100/200/301/pwgsc-tpsgc/por-ef/immigration_refugees/2024/069-23-f/sommaire/POR069-23-sommaire.html|zCompte rendu sommaire |
| 856 | 4 |qHTML|sS.O.|uhttps://epe.bac-lac.gc.ca/100/200/301/pwgsc-tpsgc/por-ef/immigration_refugees/2024/069-23-f/index.html|zEnsemble de données complet |